|
|
|
|
| LEADER |
00000nam a22000007a 4500 |
| 005 |
20210205213345.0 |
| 007 |
cr|||| |||| |
| 008 |
210205s2020 es |||||s|||| 00||0 spa d |
| 020 |
|
|
|a 978-84-1377-190-8
|
| 035 |
|
|
|a 32957
|
| 040 |
|
|
|a vLex
|
| 090 |
|
|
|c 11104
|d 11104
|
| 100 |
1 |
|
|a de Bartolom ̌Cenzano, Jos ̌Carlos
|
| 245 |
1 |
2 |
|a El derecho a la vida
|h [Recurso electrn̤ico] :
|b Nuevos retos jurd̕icos para su disfrute con dignidad y sostenibilidad en tiempos de crisis /
|c Jos ̌Carlos de Bartolom ̌Cenzano
|
| 256 |
|
|
|a Servicio en ln̕ea
|
| 260 |
|
|
|a Madrid:
|b Dykinson,
|c 2020
|
| 300 |
|
|
|a 1 recurso electrn̤ico
|
| 500 |
|
|
|a Se trata de una obra muy madura en la que se pretende analizar de manera rigurosa, y dentro del sistema jurd̕ico, huyendo de consideraciones de “Lege ferenda”, los desafo̕s jurd̕icos para proteger la vida que se plantean desde el actual contexto de crisis e incertidumbre. La investigacin̤ analiza de manera comparada los nuevos principios que inspiran la garanta̕ para la supervivencia: los Objetivos de Desarrollo Sostenible de la Agenda 2030 de la ONU, la necesidad de una regulacin̤ p̤tima de la donacin̤ de r̤ganos, la esencial proteccin̤ de los derechos del paciente, la eutanasia y el suicidio asistido y otras formas de tutelar el bien jurd̕ico vida. Cada garanta̕ va acompaąda de sus antecedentes histr̤icos para comprender cm̤o ha sido su evolucin̤ y de un anl̀isis prospectivo a partir de los desafo̕s que se plantean en la actualidad. La obra se sita︢ dentro de las monografa̕s de investigacin̤ jurd̕ica; no es un trabajo de bioťica, toda vez que no contiene consideraciones valorativas, propias de otras disciplinas auxiliares.
|
| 506 |
1 |
|
|a Disponible solo en los productos indicados
|d vLex Global
|d vLex Global (Academic Edition, excluding Law Schools)
|d vLex Global (U.S. Academic Edition, Law Schools)
|d vLex Global (U.S. Academic Edition, excluding Law Schools)
|d vLex Global (Academic Edition, Law Schools)
|
| 650 |
0 |
4 |
|a Derecho Militar
|z Espaą
|
| 740 |
0 |
|
|a vLex Libros (Servicio en ln̕ea)
|
| 856 |
4 |
0 |
|u http://vlex.com/source/derecho-a-la-vida-nuevos-retos-juridicos-para-su-disfrute-con-dignidad-y-sostenibilidad-en-tiempos-de-crisis-32957
|z Acceso restringido
|
| 942 |
|
|
|c BOOK
|
| 999 |
0 |
|
|a Military Law
|